000
00481nam a2200145Ia 4500
008
151213s9999 xx 000 0 und d
100
_a
আবুল হাসান।
245
_a
রাজা যায় রাজা আসে ।
_c
আবুল হাসান।
260
_a
ঢাকা
_b
খান ব্রাদার্স
_c
1972
300
_a
8467 p.
650
_a
Bangla
650
_a
Bengali Literature
700
_a
আবুল হাসান।
999
_c
4305
_d
4305